Making Wise Decisions in A Smart World: Responsible Leadership In An Era Of Artificial Intelligence (Record no. 43355)

MARC details
000 -LEADER
fixed length control field 00593nam a22001697a 4500
005 - DATE AND TIME OF LATEST TRANSACTION
control field 20250324121134.0
008 - FIXED-LENGTH DATA ELEMENTS--GENERAL INFORMATION
fixed length control field 250324b |||||||| |||| 00| 0 eng d
020 ## - INTERNATIONAL STANDARD BOOK NUMBER
International Standard Book Number 9798886131185
041 ## - LANGUAGE CODE
Language code of text/sound track or separate title Eng
082 ## - DEWEY DECIMAL CLASSIFICATION NUMBER
Classification number 658.4092 VER
100 ## - MAIN ENTRY--PERSONAL NAME
Author Verhezen, Peter
245 ## - TITLE STATEMENT
Title Making Wise Decisions in A Smart World: Responsible Leadership In An Era Of Artificial Intelligence
260 ## - PUBLICATION, DISTRIBUTION, ETC.
Place New Jersey
Publisher World Scientific
Publication Year 2023
300 ## - PHYSICAL DESCRIPTION
Extent 379;. P. 23 cm
650 ## - SUBJECT ADDED ENTRY--TOPICAL TERM
Subject Leadership; Artificial Intelligence; Industrial Management; Decision Making; Social Responsibility of Business
942 ## - ADDED ENTRY ELEMENTS (KOHA)
Koha item type Books
Holdings
Withdrawn status Lost status Source of classification or shelving scheme Damaged status Not for loan Home library Current library Shelving location Accession Date Vendor Price Bill number Full call number Barcode No Date last seen Discount Bill Date Koha item type Suggested By
    Dewey Decimal Classification     IMTN IMTN Rack 29-B 03/18/2025 Raghav Books Private Limited 1595.00 2374 658.4092 VER 33646 03/24/2025 30 02/14/2025 Books Dr. Kedareshwaran S. (VF)
Designed & Maintained by: LRC IMT Nagpur Contact: lrc@imtnag.ac.in© 2024. All Rights Reserved.